The reluctant farmer : an exploration of work, social class, and the production of food /

Bibliographic Details
Main Author: Dougherty, Debbie S.
Format: Book
Language:English
Published: Leicester : Troubador, [2011]
Series:Communication & social justice.
Subjects:

MARC

Tag First Indicator Second Indicator Subfields
LEADER 00000cam a22000004a 4500
001 in00002785896
005 20151202171603.0
008 100531s2011 enk b 001 0 eng d
015 |a GBB068176  |2 bnb 
016 7 |a 015567261  |2 Uk 
019 |a 636919330 
020 |a 9781848763845 (pbk.) 
020 |a 1848763840 (pbk.) 
035 |a (OCoLC)ocn741342164 
035 |a (OCoLC)741342164  |z (OCoLC)636919330 
040 |a NLE  |c NLE  |d UKM  |d YDXCP  |d BWK  |d COA  |d UKMGB  |d NDD  |d MYG  |d UtOrBLW 
049 |a TXAM 
050 1 4 |a HD8039.F3  |b D68 2011 
082 0 4 |a 305.5  |2 22 
100 1 |a Dougherty, Debbie S. 
245 1 4 |a The reluctant farmer :  |b an exploration of work, social class, and the production of food /  |c Debbie S. Dougherty. 
263 |a 201009 
264 1 |a Leicester :  |b Troubador,  |c [2011] 
264 4 |c ©2011 
300 |a xi, 280 pages ;  |c 24 cm. 
336 |a text  |b txt  |2 rdacontent 
337 |a unmediated  |b n  |2 rdamedia 
338 |a volume  |b nc  |2 rdacarrier 
490 1 |a Communication & social justice 
504 |a Includes bibliographical references (pages 257-270) and indexes. 
650 0 |a Social classes. 
650 0 |a Farmers  |x Social conditions. 
650 0 |a Agriculture  |x Social aspects. 
830 0 |a Communication & social justice. 
948 |a cataloged  |b h  |c 2012/12/5  |d c  |e ceaton  |f 10:40:13 am 
994 |a C0  |b TXA 
999 |a MARS 
999 f f |s 5dde83ef-1685-32a3-bdf6-dac044b3393d  |i a28a20ba-7579-3333-a716-3e5bdbe595e6  |t 0 
952 f f |p normal  |a Texas A&M University  |b College Station  |c Sterling C. Evans Library  |s Evans stk  |d Evans: Library Stacks  |t 0  |e HD8039.F3 D68 2011  |h Library of Congress classification  |i unmediated -- volume  |m A14841622826 
998 f f |a HD8039.F3 D68 2011  |t 0  |l Evans: Library Stacks